00416nam a2200145Ia 4500008004100000020001500041041001200056082001100068100001700079245009500096260003900191300000800230650001400238700001800252221030s9999 xx 000 0 und d a8131726891 aEnglish a105.23 aT. Quatranic 0aVisual Modeling with IBM Rational Software Architect & UMLcby T. Quatranic, J. Palistrant bPearson EdcuationaNew Delhic2009 a193 aComputers aJ. Palistrant